The Exxon Valdez oil spill / (Record no. 712)

MARC details
000 -LEADER
fixed length control field 01342nam a22003137a 4500
005 - DATE AND TIME OF LATEST TRANSACTION
control field 20240108142018.0
020 ## - INTERNATIONAL STANDARD BOOK NUMBER
International Standard Book Number 9780737757910 (hardcover)
020 ## - INTERNATIONAL STANDARD BOOK NUMBER
International Standard Book Number 9780531289983
040 ## - CATALOGING SOURCE
Original cataloging agency DLC
Transcribing agency DLC
Modifying agency DLC
Language of cataloging eng
050 00 - LIBRARY OF CONGRESS CALL NUMBER
Classification number TD427.P4
Item number E9325 2011
082 00 - DEWEY DECIMAL CLASSIFICATION NUMBER
Classification number 363.738/2097983
Edition number 22
100 ## - MAIN ENTRY--PERSONAL NAME
Personal name Benoit, Peter
245 04 - TITLE STATEMENT
Title The Exxon Valdez oil spill /
Statement of responsibility, etc. Noah Berlatsky
260 ## - PUBLICATION, DISTRIBUTION, ETC.
Place of publication, distribution, etc. New York :
Name of publisher, distributor, etc. Scholastic,
Date of publication, distribution, etc. 2011.
300 ## - PHYSICAL DESCRIPTION
Extent 48 pages :
Other physical details color illustrations ;
Dimensions 22 cm
490 0# - SERIES STATEMENT
Series statement Perspectives on modern world history
505 ## - FORMATTED CONTENTS NOTE
Formatted contents note U <br/>
520 ## - SUMMARY, ETC.
Summary, etc. Describes the 1989 oil spill caused by damage to the Exxon Valdez ship off the coast of Alaska, detailing the events leading up to the spill, how it affected the wildlife and environment of Alaska, and the spill's long term effect.
521 ## - TARGET AUDIENCE NOTE
Target audience note 830 <br/>
Source Lexile <br/>
521 ## - TARGET AUDIENCE NOTE
Target audience note U <br/>
Source Raz-Plus <br/>
650 #0 - SUBJECT ADDED ENTRY--TOPICAL TERM
Topical term or geographic name entry element Oil spills
General subdivision Environmental aspects
Geographic subdivision Alaska
-- Prince William Sound Region.
650 #0 - SUBJECT ADDED ENTRY--TOPICAL TERM
Topical term or geographic name entry element Tankers
General subdivision Accidents
-- Environmental aspects
Geographic subdivision Alaska
-- Prince William Sound Region.
650 #0 - SUBJECT ADDED ENTRY--TOPICAL TERM
Topical term or geographic name entry element Oil pollution of the sea
Geographic subdivision Alaska
-- Prince William Sound Region.
650 #0 - SUBJECT ADDED ENTRY--TOPICAL TERM
Topical term or geographic name entry element Oil pollution of rivers, harbors, etc.
Geographic subdivision Alaska
-- Prince William Sound Region.
700 1# - ADDED ENTRY--PERSONAL NAME
Personal name Berlatsky, Noah
Titles and other words associated with a name editor
906 ## - LOCAL DATA ELEMENT F, LDF (RLIN)
a 7
b cbc
c orignew
d 1
e ecip
f 20
g y-gencatlg
942 ## - ADDED ENTRY ELEMENTS (KOHA)
Source of classification or shelving scheme Dewey Decimal Classification
Koha item type Books
Suppress in OPAC No
999 ## -
-- 712
-- 712
Holdings
Withdrawn status Lost status Source of classification or shelving scheme Damaged status Not for loan Collection Home library Current library Shelving location Date acquired Total Checkouts Full call number Barcode Date last seen Date last checked out Copy number Price effective from Koha item type
    Dewey Decimal Classification     Non-Fiction Footprints International School Library Network Toul Kork Campus Footprints International School Library Network Toul Kork Campus A TK Campus, 4th Floor, Room B401, Non-Fiction Bookcases(7-8) 07/03/2023 1 BEN 363.738 TD427.P4 FISTK04794 10/05/2023 09/13/2023 1 07/03/2023 Books
    Dewey Decimal Classification     Non-Fiction Footprints International School Library Network Toul Kork Campus Footprints International School Library Network Toul Kork Campus TTP Secondary Non-Fiction Bookshelves 07/03/2023   BEN 363.738 TD427.P4 FISSE00804 08/09/2023   2 07/03/2023 Books